|
|
|
|
| LEADER |
01427nam a2200373 a 4500 |
| 001 |
EBC744331 |
| 003 |
MiAaPQ |
| 005 |
20200520144314.0 |
| 006 |
m o d | |
| 007 |
cr cn||||||||| |
| 008 |
120113s2009 enk sb 000 0 eng d |
| 020 |
|
|
|z 9781845401597
|
| 020 |
|
|
|a 9781845402884 (electronic bk.)
|
| 035 |
|
|
|a (MiAaPQ)EBC744331
|
| 035 |
|
|
|a (Au-PeEL)EBL744331
|
| 035 |
|
|
|a (CaPaEBR)ebr10517704
|
| 035 |
|
|
|a (CaONFJC)MIL344535
|
| 035 |
|
|
|a (OCoLC)745866956
|
| 040 |
|
|
|a MiAaPQ
|c MiAaPQ
|d MiAaPQ
|
| 050 |
|
4 |
|a HF5387
|b .P76 2009
|
| 245 |
0 |
0 |
|a Profit, prudence and virtue
|h [electronic resource] :
|b essays in ethics, business and management /
|c edited by Samuel Gregg and James Stoner.
|
| 260 |
|
|
|a Exeter :
|b Imprint Academic,
|c 2009.
|
| 300 |
|
|
|a 1 v. (unpaged).
|
| 490 |
1 |
|
|a St. Andrews studies in philosophy and public affairs
|
| 504 |
|
|
|a Includes bibliographical references.
|
| 533 |
|
|
|a Electronic reproduction. Ann Arbor, MI : ProQuest, 2015. Available via World Wide Web. Access may be limited to ProQuest affiliated libraries.
|
| 650 |
|
0 |
|a Business ethics.
|
| 650 |
|
0 |
|a Industrial management.
|
| 655 |
|
4 |
|a Electronic books.
|
| 700 |
1 |
|
|a Gregg, Samuel.
|
| 700 |
1 |
|
|a Stoner, James.
|
| 710 |
2 |
|
|a ProQuest (Firm)
|
| 830 |
|
0 |
|a St. Andrews studies in philosophy and public affairs.
|
| 856 |
4 |
0 |
|u https://ebookcentral.proquest.com/lib/matrademy/detail.action?docID=744331
|z Click to View
|